000 00355nam a2200133Ia 4500
008 240624s9999 xx 000 0 und d
041 _aeng
082 _a658 CRO
100 _aCROSS ROB
245 _aHIDDEN POWER OF SOCIAL NETWORKS UNDERSTA
260 _c2003
_aBoston
_bHarvard Businesss School Press
300 _axiii, : 213 : p. : cm. ; 24
365 _c
999 _c6190
_d6190